000 00281 a2200145 4500
001 174334
020 _a
040 _cMagnum
100 _a-
240 1 0 _aCurupira/edelbra
_lpor
245 1 0 _aCurupira/edelbra
362 0 _a1899
697 _aI/LENDAS, FOLCLORE
942 _cBK
999 _c174334
_d174334